000 00385nam a22001217a 4500
008 131202b xxu||||| |||| 00| 0 eng d
050 _aPR9373.9.B3E8 1973
100 _aBa, Amadou Hampate
_94610
245 _aAmadou Hampate Ba
_bl'etrange destin de Wangrin
_cAmadou Hampate Ba
260 _aParis
_bDepartment d'Univers Poche
_c1973
300 _a378p.;
_c18cm.
942 _2lcc
_cMONOGRAPH
999 _c118911
_d118911